Macroeconomics

Na minha lista:
Detalhes bibliográficos
Autor principal: Dornbusch & Fischer
Formato: Livro
Publicado em: MGH
Assuntos:
Tags: Adicionar Tag
Sem tags, seja o primeiro a adicionar uma tag!

MARC

LEADER 00000nam a2200000Ia 4500
005 20260427112653.0
526 |b Economics 
100 |a Dornbusch & Fischer 
020 |a 9789353162597 
650 |a Macroeconomics 
526 |a Bachelors 
942 |c BK 
245 |a Macroeconomics 
260 |b MGH 
999 |c 39  |d 39 
952 |0 0  |1 0  |4 0  |7 0  |8 1  |a BRISTOL  |b BRISTOL  |d 2026-04-22  |l 0  |p 000026  |r 2026-04-27 11:26:53  |w 2026-04-27  |y BK